[Event "Open"]
[Site "Milan ITA"]
[Date "2000.12.05"]
[Round "4"]
[White "Tencati,G"]
[Black "Raineri,V"]
[Result "1/2-1/2"]
[WhiteElo "2061"]
[BlackElo "2136"]

1.d4 Nf6 2.c4 g6 3.Nf3 Bg7 4.Nc3 d6 5.e4 O-O 6.Be2 e5 7.d5 Ne8 8.Bg5 f6 9.Bh4 c6
10.Nd2 Na6 11.a3 c5 12.Rb1 Qd7 13.b4 b6 14.f3 f5 15.Bf2 f4 16.Na4 Bf6 17.Bd3 Qf7
18.Bc2 Bd7 19.Nc3 Nec7 20.Ba4 Rfc8 21.Bxd7 Qxd7 22.bxc5 Nxc5 23.Bxc5 bxc5
24.O-O Bd8 25.Rb7 Rcb8 26.Qb3 Qc8 27.Rb1 Rxb7 28.Qxb7 Ne8 29.Qxc8 Rxc8 30.Rb7 Rc7
31.Rb8 Rd7 32.Nb3 Kf7 33.Kf1 Ke7 34.Ke2 Bc7 35.Ra8 Bb6 36.Nb5 Rd8 37.Rxd8 Kxd8
38.a4 a6 39.Nc3  1/2-1/2

[Event "Open"]
[Site "Milan ITA"]
[Date "2000.12.05"]
[Round "4"]
[White "Mariano,E"]
[Black "Hitzgerova,G"]
[Result "0-1"]
[WhiteElo "2093"]
[BlackElo "2245"]

1.d4 Nf6 2.c4 g6 3.Nc3 Bg7 4.e4 d6 5.Nf3 O-O 6.Be2 e5 7.d5 Ne8 8.Bg5 f6 9.Bh4 Bh6
10.Nd2 Qd7 11.O-O Qg7 12.Rb1 f5 13.f3 Be3+ 14.Bf2 Bxf2+ 15.Rxf2 f4 16.b4 Nd7
17.Nb3 Ndf6 18.c5 g5 19.h3 h5 20.Qd3 g4 21.hxg4 hxg4 22.fxg4 Nxg4 23.Bxg4 Bxg4
24.Nd2 Nf6 25.cxd6 cxd6 26.Nb5 Rad8 27.Rc1 Rd7 28.Nxa7 Qh6 29.Nf3 Rh7 30.Rfc2 Bd7  0-1

[Event "Open"]
[Site "Padova ITA"]
[Date "2000.12.07"]
[Round "6"]
[White "Alberton,R"]
[Black "Paragua,M"]
[Result "0-1"]
[WhiteElo "2147"]
[BlackElo "2423"]

1.d4 Nf6 2.Nf3 g6 3.c4 Bg7 4.Nc3 O-O 5.e4 d6 6.Be2 e5 7.d5 a5 8.Bg5 h6 9.Bh4 Na6
10.Nd2 h5 11.h3 Bh6 12.g4 hxg4 13.hxg4 Bf4 14.f3 Kg7 15.Qc2 Rh8 16.O-O-O Rxh4
17.Rxh4 Nb4 18.Qb3 Nxe4 19.Rh7+ Kxh7 20.Rh1+ Kg7 21.Nxe4 b6 22.a3 Na6 23.Qd1 Nc5
24.Kc2 Bd7 25.Qf1 Bxd2 26.Nxd2 Qg5 27.Qh3 Qe3 28.Qh7+ Kf6 29.Qh4+ g5 30.Qh6+ Ke7
31.b3 a4 32.b4 Nb3 33.Ne4 Nd4+  0-1

[Event "52nd ch-Montenegro"]
[Site "Tivat YUG"]
[Date "2000.12.11"]
[Round "4"]
[White "Todorovic,J"]
[Black "Benderac,S"]
[Result "1/2-1/2"]
[WhiteElo "2431"]
[BlackElo "2351"]

1.c4 Nf6 2.Nc3 g6 3.Nf3 Bg7 4.e4 d6 5.d4 O-O 6.Be2 e5 7.dxe5 dxe5 8.Qxd8 Rxd8
9.Bg5 c6 10.Nxe5 h6 11.Bxf6 Bxf6 12.Nd3 Be6 13.e5 Bg7 14.O-O-O Na6 15.b3 Rd4
16.f4 g5 17.g3 gxf4 18.Nxf4 Bxe5 19.Nxe6 fxe6 20.Rxd4 Bxd4 21.Ne4 Nc5 22.Nxc5 Bxc5
23.Rd1 Rf8 24.Rd7 Rf2 25.Kd1 Rf7 26.Rxf7  1/2-1/2

[Event "67th ch-BRA"]
[Site "Teresina BRA"]
[Date "2000.12.13"]
[Round "7"]
[White "De Souza Haro,P"]
[Black "Matsuura,E"]
[Result "1/2-1/2"]
[WhiteElo "2268"]
[BlackElo "2443"]

1.d4 Nf6 2.c4 g6 3.Nc3 Bg7 4.e4 d6 5.Be2 O-O 6.Nf3 Na6 7.O-O e5 8.Be3 Ng4
9.Bg5 Qe8 10.h3 h6 11.Bc1 exd4 12.Nxd4 Nf6 13.Bf3 Nc5 14.Re1 Ne6 15.Nxe6 Bxe6
16.Nd5 Qd8 17.Qc2 Nd7 18.Nf4 Ne5 19.Be2 Nc6 20.Be3 Nd4 21.Qd2 Nxe2+ 22.Qxe2 Re8
23.Rad1 Bd7 24.Qc2 Qe7 25.f3 Rac8 26.b3 Bc6 27.Qf2 a6 28.Nd5 Qe6 29.Qd2 h5
30.Bd4 Be5 31.f4 Bxd4+ 32.Qxd4 Bxd5 33.cxd5 Qd7 34.f5 Re5 35.fxg6 fxg6 36.Qa7 Qb5
37.Rc1 Qb4 38.Qe3 Kg7 39.Rc4 Qb5 40.Rec1 c5 41.dxc6 Rxc6 42.Rxc6 bxc6 43.Qd4 Qe2
44.Rxc6 h4 45.Rxd6 Qe1+ 46.Kh2 Qg3+ 47.Kh1 Qe1+ 48.Kh2 Qg3+ 49.Kh1 Qe1+  1/2-1/2

[Event "2nd Viking GMB"]
[Site "York ENG"]
[Date "2000.12.14"]
[Round "2"]
[White "Summerscale,A"]
[Black "McNab,C"]
[Result "1-0"]
[WhiteElo "2459"]
[BlackElo "2416"]

1.d4 d6 2.Nf3 g6 3.c4 Nd7 4.e4 e5 5.Nc3 Bg7 6.Be2 Ngf6 7.O-O O-O 8.Be3 Re8
9.Qc2 exd4 10.Nxd4 c6 11.Rad1 a5 12.f3 Qe7 13.Rfe1 Nc5 14.b3 Nh5 15.Bf1 Be5
16.Qd2 Qf8 17.g3 Ng7 18.f4 Bf6 19.Bg2 Be7 20.Bf2 f5 21.exf5 Nxf5 22.Nxc6 bxc6
23.Bxc6 Rb8 24.Qd5+ Kh8 25.Bxc5 dxc5 26.Qe5+  1-0

[Event "Salona"]
[Site "Solin/Split CRO"]
[Date "2000.12.15"]
[Round "7"]
[White "Tukmakov,V"]
[Black "Kozul,Z"]
[Result "1-0"]
[WhiteElo "2582"]
[BlackElo "2611"]

1.Nf3 Nf6 2.c4 g6 3.Nc3 Bg7 4.e4 d6 5.d4 O-O 6.Be2 e5 7.O-O c6 8.Re1 Na6
9.Bf1 Bg4 10.d5 c5 11.h3 Bd7 12.Bg5 Kh8 13.a3 Qc7 14.Nb5 Qb8 15.Qd2 Ng8 16.Nh2 f5
17.exf5 gxf5 18.f4 Bxb5 19.cxb5 Nc7 20.fxe5 dxe5 21.Rad1 e4 22.Bc4 a6 23.a4 axb5
24.axb5 Ne8 25.Bf4 Nd6 26.Qf2 Qc7 27.Nf1 Qb6 28.Ne3 Ne7 29.Bf1 Nec8 30.Kh1 Ra4
31.b3 Rd4 32.Qg3 Qd8 33.Rc1 b6 34.Ra1 Qd7 35.Ra8 Nf7 36.Nc4 Rg8 37.Rb8 Qxd5
38.Rxc8 Rxc8 39.Nxb6 Qd8 40.Nxc8 Qxc8 41.Bc4 Qd7 42.b6 Nd6 43.Ra1 Qe8 44.Ra7 Rd1+
45.Kh2 Bf6 46.b7 Bd4 47.Qg5  1-0

[Event "TCh-YUG Women"]
[Site "Kragujevac YUG"]
[Date "2000.12.16"]
[Round "6"]
[White "Vujic Katanic,B"]
[Black "Todorovic,V"]
[Result "1-0"]
[WhiteElo "2125"]
[BlackElo "2155"]

1.Nf3 Nf6 2.c4 g6 3.Nc3 Bg7 4.e4 d6 5.d4 O-O 6.Be2 Na6 7.O-O e5 8.Be3 c6
9.d5 Ng4 10.Bg5 f6 11.Bh4 c5 12.Ne1 h5 13.Nd3 Nh6 14.f3 Nf7 15.a3 Bd7 16.b4 b6
17.b5 Nc7 18.a4 Bh6 19.Bf2 f5 20.Ra2 Bg5 21.a5 Bh4 22.axb6 Bxf2+ 23.Nxf2 axb6
24.Rxa8 Nxa8 25.exf5 gxf5 26.f4 h4 27.Bh5 exf4 28.Bxf7+ Rxf7 29.Qd3 Qe7 30.Nfd1 Rg7
31.Rxf4 Qg5 32.Qf1 Re7 33.Qf2 h3 34.g3 Nc7 35.Qf1 Rh7 36.Ne3 Re7 37.Ned1 Rh7
38.Na4 Na8 39.Ne3 Re7 40.Nd1 Re4 41.Nac3 Rd4 42.Rxd4 cxd4 43.Ne2 Qd2 44.Nf2 Nc7
45.Nf4 Ne8 46.Qxh3 Qc1+ 47.Qf1 Qe3 48.Qe2 Qe5 49.N2d3 Qe4 50.Nf2 Qe5 51.Qh5 Ng7
52.Qg5 Qe1+ 53.Kg2 Qe8 54.Qf6 Qf8 55.Qxd4 Qd8 56.N2d3 Kh7 57.Nb4 Ne8 58.Nc6 Qc7
59.Qe3 Bxc6 60.dxc6 Nf6 61.Nd5 Nxd5 62.cxd5 Qg7 63.Qe2 Qc3 64.Qe7+ Kg6 65.Qe6+ Kg7
66.Qxf5 Qd2+ 67.Kh3 Qh6+ 68.Kg4 Qxh2 69.c7  1-0

[Event "Belgian Interteams 2000-1"]
[Site "BEL"]
[Date "2000.12.17"]
[Round "5"]
[White "Defize,A"]
[Black "Jadoul,M"]
[Result "1/2-1/2"]
[WhiteElo "2271"]
[BlackElo "2399"]

1.d4 Nf6 2.c4 g6 3.Nc3 Bg7 4.e4 d6 5.Be2 O-O 6.Nf3 Nbd7 7.O-O e5 8.Re1 c6
9.Bf1 a5 10.h3 exd4 11.Nxd4 Nc5 12.Nb3 Ne6 13.Na4 c5 14.e5 dxe5 15.Nbxc5 Qxd1  1/2-1/2

[Event "Belgian Interteams 2000-1"]
[Site "BEL"]
[Date "2000.12.17"]
[Round "5"]
[White "Groffen,H"]
[Black "Beeckmans,F"]
[Result "1/2-1/2"]
[WhiteElo "2224"]
[BlackElo "2293"]

1.d4 d6 2.Nf3 Nf6 3.c4 g6 4.Nc3 Bg7 5.e4 O-O 6.Be2 Nbd7 7.O-O e5 8.Be3 c6
9.dxe5 dxe5 10.Nd2 Qe7 11.Qc2 Nc5 12.Nb3 Ne6 13.Rad1 Bd7 14.a4 h5 15.a5 Ng4
16.Bxg4 hxg4 17.Na4 Rfd8 18.Rd2 Nd4 19.Nxd4 exd4 20.Bxd4 Bxd4 21.Rxd4 c5
22.Rdd1 Bxa4 23.Qxa4 Qxe4 24.Rde1 Qf4 25.Re7 Rd2 26.Rxb7 Rad8 27.Re7 Rxb2
28.Re8+ Rxe8 29.Qxe8+ Kh7 30.Qe7 Qxc4 31.Qxa7 Kg7 32.Qc7 Qd4 33.a6 Ra2 34.Qb6 Ra1  1/2-1/2

[Event "Abel Cardona Open"]
[Site "Cali COL"]
[Date "2000.12.17"]
[Round "2"]
[White "Alzate,D"]
[Black "Gonzalez,Se"]
[Result "1-0"]
[WhiteElo "2419"]
[BlackElo "2295"]

1.d4 Nf6 2.Nf3 g6 3.c4 Bg7 4.Nc3 O-O 5.e4 d6 6.Be2 Na6 7.O-O e5 8.Re1 exd4
9.Nxd4 Re8 10.f3 c6 11.Be3 Nc7 12.Qd2 d5 13.exd5 cxd5 14.c5 Be6 15.Rac1 Nh5
16.Ncb5 Nxb5 17.Nxb5 Qe7 18.Bf1 a6 19.Nd4 Rac8 20.Bf2 Qf6 21.g3 Bf8 22.b4 Ng7
23.c6 bxc6 24.Bxa6 Rc7 25.Nxc6 Nf5 26.Bf1 d4 27.b5 Ra8 28.Bc4 Bxc4 29.Rxc4 Nd6
30.Bxd4 Nxc4 31.Qd3 Qf5 32.Qxc4 Qxf3 33.Bb2 Rd8 34.Qc3 Qxc3 35.Bxc3 Rd3 36.Bf6 Bc5+
37.Kg2 Rd2+ 38.Kh3 Kf8 39.Bg5 f5  1-0

[Event "TCh-YUG Women"]
[Site "Kragujevac YUG"]
[Date "2000.12.17"]
[Round "7"]
[White "Zozulia,A"]
[Black "Vasilevich,T"]
[Result "1/2-1/2"]
[WhiteElo "2371"]
[BlackElo "2429"]

1.d4 Nf6 2.c4 g6 3.Nc3 Bg7 4.e4 d6 5.Nf3 O-O 6.Be2 e5 7.dxe5 dxe5 8.Qxd8 Rxd8
9.Bg5 c6 10.O-O Re8 11.Rfd1 h6 12.Be3 Nbd7 13.h3 Nf8 14.b4 Ne6  1/2-1/2

[Event "XIII Carlos Torre Open"]
[Site "Merida MEX"]
[Date "2000.12.19"]
[Round "6"]
[White "Blanco Fernandez,A"]
[Black "Martin del Campo,R"]
[Result "1/2-1/2"]
[WhiteElo "2371"]
[BlackElo "2422"]

1.d4 Nf6 2.c4 d6 3.Nc3 e5 4.Nf3 Nbd7 5.e4 g6 6.Be2 Bg7 7.O-O O-O 8.Be3 h6
9.dxe5 Ng4 10.Bd2 Ngxe5 11.Nxe5 dxe5 12.Qc1 Kh7 13.Bg4 Nc5 14.Bxc8 Rxc8 15.Qc2 Ne6
16.Ne2 Qe7 17.Rad1 Rfd8 18.Bc1 Rxd1 19.Rxd1 Rd8 20.Rxd8 Qxd8 21.Qd2 Qh4 22.Ng3 Nd4
23.Qd3 Qd8 24.Kf1 Bf8 25.Ne2 Bc5 26.Be3 Qd6 27.Bxd4 Bxd4 28.Nxd4 exd4 29.g3 c5
30.h4 h5 31.a3 Qe6 32.b4 b6 33.b5 Kg7 34.Kg2 f5 35.exf5 gxf5 36.Qd2 Kf7 37.Qg5 Qe4+
38.Kg1 Qe1+ 39.Kg2 Qe4+ 40.Kg1 Qe1+  1/2-1/2

[Event "XIII Carlos Torre Open"]
[Site "Merida MEX"]
[Date "2000.12.20"]
[Round "7"]
[White "Mikhalevski,V"]
[Black "Hernandez,Gi"]
[Result "1-0"]
[WhiteElo "2532"]
[BlackElo "2572"]

1.d4 Nf6 2.c4 g6 3.Nc3 Bg7 4.e4 d6 5.Be2 O-O 6.Nf3 e5 7.O-O Na6 8.Re1 c6
9.Bf1 Bg4 10.d5 c5 11.h3 Bd7 12.g3 Kh8 13.Bg5 Qb8 14.Nb5 Ng8 15.Bd2 f6 16.a3 Nh6
17.b4 Nf7 18.Rb1 Qd8 19.Qc1 Qe7 20.Rb3 b6 21.Kh2 f5 22.exf5 gxf5 23.Nh4 Bf6
24.f4 Rg8 25.fxe5 dxe5 26.Ng2 Bxb5 27.cxb5 Nc7 28.bxc5 bxc5 29.Ne3 Nd6 30.Qxc5 Qg7
31.Ng4 fxg4 32.Qxd6 Rad8 33.Qc6 Nxd5 34.Ba5 Nb6 35.Qe6 gxh3 36.Rf3 Rgf8 37.Bb4 Rf7
38.Bxh3 Nd5 39.Ba5 Re7 40.Qf5 Rd6 41.Qc8+ Qg8 42.Qc5 e4 43.Qxd6 exf3 44.Be6 Rxe6
45.Rxe6  1-0

[Event "Ambassador Open"]
[Site "Bern SUI"]
[Date "2000.12.27"]
[Round "2"]
[White "Goldstern,F"]
[Black "Gaule,P"]
[Result "1-0"]
[WhiteElo "2403"]
[BlackElo "2120"]

1.d4 Nf6 2.c4 g6 3.Nc3 Bg7 4.e4 d6 5.Nf3 O-O 6.Be2 e5 7.O-O Na6 8.Re1 c6
9.Bf1 exd4 10.Nxd4 Ng4 11.Nf3 Qb6 12.Re2 Be6 13.h3 Ne5 14.Nxe5 dxe5 15.Be3 Qd8
16.Rd2 Qe7 17.Rd6 f5 18.f3 Nc7 19.c5 Rfd8 20.Qd2 f4 21.Bf2 Ne8 22.Rxd8 Rxd8
23.Qe1 Bf6 24.b3 g5 25.Rd1 h5 26.Rxd8 Qxd8 27.Na4 Be7 28.Qc3 Qc7 29.Bc4 Kf7
30.Nb2 b5 31.cxb6 axb6 32.Nd3 Bf6 33.a4 g4 34.hxg4 hxg4 35.fxg4 Bxc4 36.Qxc4+ Kg6
37.Nb4 Qd7 38.Qxc6 Qd1+ 39.Kh2 Kf7 40.Qd5+  1-0

[Event "17th Open"]
[Site "Boblinger GER"]
[Date "2000.12.28"]
[Round "5"]
[White "Duppel,M"]
[Black "Jobava,Ba"]
[Result "1-0"]
[WhiteElo "2376"]
[BlackElo "2480"]

1.Nf3 Nf6 2.c4 g6 3.Nc3 Bg7 4.e4 O-O 5.d4 d6 6.Be2 e5 7.O-O Nbd7 8.Be3 c6
9.d5 c5 10.Ne1 Ne8 11.Nd3 Qe7 12.b4 b6 13.a4 a5 14.bxa5 Rxa5 15.Bd2 f5 16.f3 Nef6
17.Nf2 Ra7 18.Qc2 Nh5 19.Rfb1 Ra6 20.Rb3 Rf7 21.a5 bxa5 22.Rba3 Qd8 23.Nb5 Ndf6
24.Rxa5 Rxa5 25.Rxa5 Nf4 26.Bf1 fxe4 27.Ra8 exf3 28.Nxd6 Qxd6 29.Rxc8+ Rf8
30.Rc6 Qe7 31.g3 Ne2+ 32.Bxe2 fxe2 33.Be1 Ne8 34.Qxe2 Nd6 35.Bc3 Nf5 36.Kg2 Nd4
37.Bxd4 cxd4 38.Qg4 Qa3 39.Rc8 Qe3 40.Qe6+ Kh8 41.Rxf8+ Bxf8 42.d6 Kg7 43.d7 Qg5
44.Ne4 Qe7 45.Qd5 Qd8 46.Qxe5+ Kf7 47.Ng5+ Kg8 48.Qd5+  1-0

[Event "Open"]
[Site "Ano Liosia GRE"]
[Date "2000.12.29"]
[Round "3"]
[White "Shipov,S"]
[Black "Mastrokoukos,G"]
[Result "1-0"]
[WhiteElo "2640"]
[BlackElo "2374"]

1.d4 Nf6 2.c4 g6 3.Nc3 d6 4.e4 Bg7 5.Nf3 O-O 6.Be2 Nbd7 7.O-O e5 8.Be3 Re8
9.Qc2 Ng4 10.Bg5 Bf6 11.Bxf6 Ngxf6 12.Rad1 Nh5 13.Rfe1 c6 14.g3 Qe7 15.Qd2 Ndf6
16.b4 Bg4 17.d5 cxd5 18.Nxd5 Nxd5 19.Qxd5 Nf6 20.Qd3 a5 21.b5 Red8 22.Nh4 Be6
23.Ng2 Rac8 24.Ne3 b6 25.f4 exf4 26.gxf4 Rc5 27.Bf3 Nh5 28.f5 Nf4 29.Qd4 Qg5+
30.Kh1 Nh3 31.Rf1 Bc8 32.Nd5 Bb7 33.Nf6+ Kg7 34.Nd7+ Kg8 35.Nf6+ Kg7 36.Nd7+ Kg8
37.Nxc5 bxc5 38.Qd2 Qh4 39.Qe1  1-0

[Event "Ambassador Open"]
[Site "Bern SUI"]
[Date "2000.12.30"]
[Round "7"]
[White "Arbinger,R"]
[Black "Stewart,N"]
[Result "0-1"]
[WhiteElo "2050"]
[BlackElo "2321"]

1.d4 Nf6 2.c4 g6 3.Nc3 Bg7 4.e4 d6 5.Nf3 O-O 6.Be2 e5 7.O-O exd4 8.Nxd4 Re8
9.f3 Nc6 10.Be3 Nh5 11.f4 Nf6 12.Bf3 Bg4 13.Bxg4 Nxg4 14.Qxg4 Nxd4 15.Qd1 Nc6
16.f5 Bxc3 17.bxc3 Rxe4 18.fxg6 hxg6 19.Qd5 Qe7 20.Rxf7 Qxf7 21.Qxe4 Re8
22.Qd3 Ne5 23.Qc2 Nxc4 24.Bd4 Rf8 25.Re1 c5 26.Bf2 b6 27.h3 Qf5 28.Qe2 Ne5
29.Bg3 Re8 30.Qb5 Re7 31.Rf1 Qe4 32.Bxe5 Qe3+ 33.Kh1 Qxe5 34.Qc6 Kh7 35.Qf3 d5
36.Qf8 Qg7 37.Qd8 Qe5 38.Rd1 Rf7 39.Kg1 Qe3+ 40.Kh1 Qe5 41.Kg1 Qxc3 42.Qxd5 Kg7
43.Rd3 Qf6 44.a3 Qf5 45.Qd8 Qe5 46.Qh4 Qe2 47.Qd8 Qe1+ 48.Kh2 Qe5+ 49.Kg1 c4
50.Rd7 c3 51.Rxf7+ Kxf7 52.Qd7+ Kf6 53.Qd8+ Kg7 54.Qd7+ Kh6 55.Qc8 Qc5+  0-1

[Event "17th Open"]
[Site "Boblinger GER"]
[Date "2000.12.30"]
[Round "8"]
[White "Fahnenschmidt,G"]
[Black "Brodbeck,S"]
[Result "1-0"]
[WhiteElo "2265"]
[BlackElo "2121"]

1.c4 Nf6 2.Nc3 g6 3.e4 d6 4.d4 Bg7 5.Be2 O-O 6.Nf3 e5 7.Be3 Ng4 8.Bg5 f6
9.Bh4 Nc6 10.d5 Ne7 11.Nd2 Nh6 12.f3 g5 13.Bf2 f5 14.h4 Ng6 15.hxg5 Qxg5
16.g3 c5 17.Qc2 a6 18.O-O-O Bd7 19.exf5 Nxf5 20.Ne4 Qe7 21.Rh5 h6 22.Bd3 Nd4
23.Bxd4 exd4 24.Nxc5 Nf4 25.gxf4 dxc5 26.Rg1 Kh8 27.Ne4 Bf5 28.Qg2 Bxe4 29.Bxe4 Rf6
30.Qg5 Qf8 31.Rgh1 b5 32.Bg6 Ra7 33.Rxh6+ Kg8 34.Bh7+ Kf7 35.Qh5+ Ke7 36.Re1+ Kd8
37.Rxf6 Bxf6 38.Re6 Re7 39.Rxa6 Qg7 40.Ra8+ Kc7 41.d6+ Kb6 42.Rb8+ Ka7 43.Rg8 Qxh7
44.Qxc5+ Kb7 45.Qd5+ Ka7 46.Ra8+  1-0

[Event "17th Open"]
[Site "Boblinger GER"]
[Date "2000.12.30"]
[Round "9"]
[White "Lomineishvili,M"]
[Black "Kekelidze,M"]
[Result "1-0"]
[WhiteElo "2376"]
[BlackElo "2511"]

1.d4 Nf6 2.c4 g6 3.Nc3 Bg7 4.e4 d6 5.Nf3 O-O 6.Be2 e5 7.O-O Nbd7 8.h3 exd4
9.Nxd4 Re8 10.f3 a5 11.Be3 Nc5 12.Qd2 Bd7 13.Rad1 Re5 14.Bf4 a4 15.g4 Re8
16.Kg2 Bc6 17.Nxc6 bxc6 18.Bh6 Bxh6 19.Qxh6 Qe7 20.Qd2 Nfd7 21.g5 f6 22.h4 fxg5
23.hxg5 Rf8 24.Qe3 Rae8 25.Kh1 Rf7 26.Rf2 Ref8 27.f4 Re8 28.Bf3 Nf8 29.Bg2 Nfe6
30.Rdf1 Ref8 31.Ne2 Nd7 32.Bh3 Ndc5 33.Bg2 Nd7 34.b4 axb3 35.axb3 c5 36.Bh3 Kh8
37.Nc3 Nd4 38.Nd5 Qd8 39.Bxd7 Qxd7 40.Nf6  1-0

[Event "Christmas Open"]
[Site "Zurich SUI"]
[Date "2000.12.30"]
[Round "7"]
[White "Schaufelberger,H"]
[Black "Gallagher,Jo"]
[Result "0-1"]
[WhiteElo "2264"]
[BlackElo "2514"]

1.d4 Nf6 2.c4 g6 3.Nc3 Bg7 4.e4 d6 5.Nf3 O-O 6.Be2 e5 7.O-O Na6 8.Re1 c6
9.Bf1 Bg4 10.d5 c5 11.a3 Ne8 12.Rb1 Bd7 13.b4 b6 14.Bd3 f5 15.Bc2 Rc8 16.Nb5 Ra8
17.Nc3 Nf6 18.Ba4 fxe4 19.Ng5 Bg4 20.Qc2 Bf5 21.Ncxe4 Rc8 22.Qe2 Nxe4 23.Nxe4 Qc7
24.Bb5 Nb8 25.bxc5 bxc5 26.Bd2 Nd7 27.Bxd7 Bxd7 28.Rb2 Rb8 29.Reb1 Rxb2 30.Rxb2 Bc8
31.f3 Ba6 32.h3 Qd7 33.Rb1 h6 34.Kh1 Rd8 35.Bxh6 Qa4 36.Bg5 Bxc4 37.Qd2 Rf8
38.Nxd6 Bb3 39.Bh6 c4 40.Qg5  0-1

[Event "Anibal Open"]
[Site "Anibal Open ESP"]
[Date "2001.01.08"]
[Round "1"]
[White "Shetty,R"]
[Black "Kempinski,R"]
[Result "0-1"]
[WhiteElo "2334"]
[BlackElo "2522"]

1.d4 Nf6 2.c4 g6 3.Nc3 Bg7 4.e4 O-O 5.Nf3 d6 6.Be2 Na6 7.O-O e5 8.Be3 Ng4
9.Bg5 Qe8 10.dxe5 h6 11.Bd2 dxe5 12.h3 Nf6 13.Qc1 Kh7 14.Be3 b6 15.Nd2 Nd7
16.Nb5 Qe7 17.Re1 c6 18.Nc3 Nc7 19.a3 Ne6 20.b4 Nd4 21.Bf1 Bb7 22.Rb1 Rfd8
23.Nb3 Nf8 24.c5 Nfe6 25.Bc4 Bc8 26.b5 cxb5 27.Nxb5 bxc5 28.Na5 Bd7 29.Nc3 Qh4
30.Bd5 Rac8 31.Rb7 Nf4 32.Bxf4 exf4 33.e5 f3 34.Re4 Qh5 35.Rf4 Qxe5 36.Rxf7 Ne2+  0-1

[Event "Troll Masters"]
[Site "Gausdal NOR"]
[Date "2001.01.08"]
[Round "4"]
[White "Elsness,F"]
[Black "Trygstad,K"]
[Result "1/2-1/2"]
[WhiteElo "2411"]
[BlackElo "2321"]

1.d4 Nf6 2.c4 g6 3.Nc3 Bg7 4.e4 d6 5.Be2 O-O 6.Nf3 e5 7.Be3 exd4 8.Nxd4 Re8
9.f3 Nc6 10.O-O Nh5 11.f4 Nf6 12.Nxc6 bxc6 13.Bf3 Nxe4 14.Nxe4 Bf5 15.Nxd6 Rxe3
16.Nxf5 gxf5 17.Bxc6 Rb8 18.Qxd8+ Rxd8 19.Rfd1 Rd4 20.Rxd4 Bxd4 21.Kf1 Bxb2
22.Rb1 Re6 23.Bd7 Rd6 24.Rxb2 Rxd7 25.Rb7 Rd2 26.Rxa7 Rc2 27.Rxc7 Rxa2 28.Rc8+ Kg7
29.c5 Kf6 30.c6 Ke7 31.c7 Rc2 32.g3 h6 33.Kg1 Kf6 34.Kf1 Ke7 35.h3 Kf6 36.Ke1 Kg7
37.Kd1 Rc5 38.Kd2 Kf6 39.Ke3 Rc1 40.Kd4 Ke7 41.Ke5 Rc5+ 42.Kd4 Rc1 43.Kd5 Rc3
44.h4 h5 45.Ke5 Rc5+ 46.Kd4 Rc1 47.Kd3 Rc5 48.Ke2 Rc2+ 49.Kf3 Rc3+ 50.Kg2 Rc1
51.Kf2 Rc2+ 52.Ke3 Rc3+ 53.Kd4 Rc1 54.Kd5 Rc3 55.Rh8 Rxc7 56.Rxh5 Kf6 57.Rh6+ Kg7
58.Rc6 Ra7 59.h5 Ra3 60.h6+ Kg8 61.Ke5 Rxg3 62.Kxf5 Rh3 63.Ke5 Ra3 64.Kf6 Ra4
65.f5 Ra7 66.Rc8+ Kh7 67.Re8 Ra5 68.Re5 Ra7 69.Re7 Ra5 70.Re1 Ra7 71.Rg1 Ra5
72.Rg2 Ra7 73.Rg3 Ra5 74.Re3 Ra7 75.Kg5 Rb7 76.Ra3 Kg8 77.Ra1 Kh7 78.Ra8 Rc7
79.Rf8 Ra7 80.Rb8 Rc7 81.Re8 Rb7 82.Kf6 Ra7 83.Re7 Ra5 84.Kg5 Kg8 85.Re8+ Kh7
86.Rf8 Ra7 87.Kf6 Ra5 88.Rxf7+ Kxh6 89.Re7 Ra6+ 90.Re6 Ra7 91.Re2 Ra6+ 92.Kf7 Kg5
93.Rf2 Rf6+ 94.Ke7 Rxf5 95.Rxf5+ Kxf5  1/2-1/2

[Event "Troll Masters"]
[Site "Gausdal NOR"]
[Date "2001.01.09"]
[Round "6"]
[White "Akesson,R"]
[Black "Gallagher,Jo"]
[Result "0-1"]
[WhiteElo "2467"]
[BlackElo "2519"]

1.Nf3 d6 2.d4 Nf6 3.c4 g6 4.Nc3 Bg7 5.e4 O-O 6.Be2 e5 7.O-O Na6 8.Re1 c6
9.Bf1 Bg4 10.d5 Ne8 11.Rb1 c5 12.a3 Bd7 13.g3 f5 14.Bh3 f4 15.Bxd7 Qxd7 16.Kg2 h6
17.h3 g5 18.Nh2 Nf6 19.g4 Rf7 20.Bd2 Bf8 21.Qa4 Qc8 22.f3 Be7 23.Rh1 Bd8
24.Be1 Kg7 25.Bf2 Bb6 26.Rhc1 Nb8 27.Qd1 Nbd7 28.Na4 Qc7 29.Qg1 Rc8 30.Nf1 h5
31.Nd2 hxg4 32.hxg4 Rh8 33.Qd1 Nf8 34.b4 Qd7 35.bxc5 Nxg4 36.fxg4 f3+ 37.Nxf3 Qxg4+
38.Bg3 Rh3  0-1

[Event "Troll Masters"]
[Site "Gausdal NOR"]
[Date "2001.01.09"]
[Round "6"]
[White "Johansen,Te"]
[Black "Djurhuus,R"]
[Result "0-1"]
[WhiteElo "2210"]
[BlackElo "2491"]

1.d4 Nf6 2.c4 g6 3.Nc3 Bg7 4.e4 d6 5.Nf3 O-O 6.Be2 e5 7.O-O Nbd7 8.Qc2 c6
9.Rd1 Qc7 10.d5 cxd5 11.cxd5 Nc5 12.Na4 Nfxe4 13.b4 Na6 14.Qxe4 Bf5 15.Qh4 Qc2
16.Bh6 Qxe2 17.Nc3 Qb2 18.Nb5 Rad8 19.a3 Bd3 20.Ng5 e4 21.Bxg7 Qxg7 22.Nd4 h6
23.Nge6 fxe6 24.Nxe6 g5 25.Nxg7 gxh4 26.Ne6 Rde8 27.Nxf8 Rxf8 28.Rac1 Kg7
29.f3 h3 30.fxe4 Bxe4 31.gxh3 Rf5 32.Rd4 Bxd5 33.Rc8 Kf7 34.Rh8 h5 35.Ra8 Nc7
36.Rxa7 Ke6 37.a4 Ke5 38.Rd2 Ne6 39.Rf2 Nf4 40.Kf1 Bc4+  0-1

[Event "Anibal Open"]
[Site "Anibal Open ESP"]
[Date "2001.01.12"]
[Round "5"]
[White "Najer,E"]
[Black "Kempinski,R"]
[Result "1-0"]
[WhiteElo "2597"]
[BlackElo "2522"]

1.d4 Nf6 2.Nf3 g6 3.c4 Bg7 4.Nc3 O-O 5.e4 d6 6.Be2 e5 7.O-O Na6 8.Be3 Ng4
9.Bg5 Qe8 10.dxe5 h6 11.Bh4 dxe5 12.Nd5 c6 13.Ne7+ Kh7 14.Nxc8 Qxc8 15.Be7 Re8
16.Ng5+ hxg5 17.Bxg4 Qc7 18.Bxg5 Bh6 19.Bh4 Nc5 20.Qf3 Ne6 21.Bxe6 Rxe6 22.Rad1 Kg7
23.Rd3 Bf4 24.Rfd1 Qb6 25.g3 g5 26.gxf4 gxh4 27.f5 Rh6 28.Kh1 Kh8 29.Rd6 Rh7
30.c5 Qxc5 31.Rd8+ Rxd8 32.Rxd8+ Kg7 33.f6+ Kh6 34.Rg8 Qc1+ 35.Kg2  1-0

[Event "Anibal Open"]
[Site "Anibal Open ESP"]
[Date "2001.01.13"]
[Round "6"]
[White "Avrukh,B"]
[Black "Arencibia,W"]
[Result "0-1"]
[WhiteElo "2625"]
[BlackElo "2513"]

1.d4 Nf6 2.c4 g6 3.Nc3 Bg7 4.e4 d6 5.Nf3 O-O 6.Be2 e5 7.Be3 exd4 8.Nxd4 Re8
9.f3 c6 10.Qd2 Nbd7 11.O-O d5 12.exd5 cxd5 13.Rfd1 dxc4 14.Bxc4 a6 15.Rac1 Ne5
16.Bb3 b5 17.a4 b4 18.Nce2 a5 19.Bh6 Qb6 20.Bxg7 Kxg7 21.Nf4 Ba6 22.Qf2 Kg8
23.Nc6 Qxf2+ 24.Kxf2 g5 25.Re1 Nfd7 26.Nxe5 Rxe5 27.Rc7 Rxe1 28.Kxe1 Ne5
29.Re7 Nxf3+ 30.gxf3 gxf4 31.Bxf7+ Kf8 32.Rd7 Bc8 33.Rc7 Bf5 34.Bc4 Re8+
35.Kf2 Rc8 36.Rxc8+ Bxc8 37.Ke2 Bb7 38.Bd3 h6 39.Be4 Ba6+ 40.Kd2 Ke7 41.Bd3 Bc8
42.Bc4 Kd6 43.Ke2 Kc5 44.Bf7 Kd4 45.Kd2 Bd7 46.Bb3 Be8 47.Bc2 Kc4 48.Bd1 Bc6
49.h3 Bd7 50.h4 Bc6 51.Be2+ Kb3 52.Kc1 Ka2 53.Bc4+ b3  0-1

[Event "IM Closed"]
[Site "Martinenc ESP"]
[Date "2001.01.13"]
[Round "6"]
[White "Torrecillas Martinez,A"]
[Black "Gallego,R"]
[Result "1/2-1/2"]
[WhiteElo "2379"]
[BlackElo "2313"]

1.d4 g6 2.Nf3 Bg7 3.c4 d6 4.Nc3 Nf6 5.e4 O-O 6.Be2 e5 7.dxe5 dxe5 8.Qxd8 Rxd8
9.Bg5 Re8 10.Nd5 Nxd5 11.cxd5 c6 12.Bc4 cxd5 13.Bxd5 Nd7 14.Nd2 Nc5 15.O-O-O Ne6
16.Be3 Nf4 17.Bxf4 exf4 18.f3 Be6 19.Nb3 f5 20.exf5 Rac8+ 21.Kb1 Bxd5 22.Rxd5 Re2
23.f6 Bxf6 24.Rd2 Rce8 25.Rhd1 b6 26.Nc1 Rxd2 27.Rxd2 Kf7 28.Kc2 Rc8+ 29.Kd1 Ke6
30.Nd3 g5 31.Nf2 Rd8 32.b3 Rxd2+ 33.Kxd2 Bd4 34.Ne4 h6 35.Kd3 Kd5 36.a4 a5
37.h3 Be5 38.Nf2 Bd4 39.Ne4 Be5 40.Nf2  1/2-1/2

[Event "Anibal Open"]
[Site "Anibal Open ESP"]
[Date "2001.01.14"]
[Round "7"]
[White "Epishin,V"]
[Black "Kempinski,R"]
[Result "1-0"]
[WhiteElo "2567"]
[BlackElo "2522"]

1.d4 Nf6 2.c4 g6 3.Nc3 Bg7 4.e4 d6 5.Nf3 O-O 6.Be2 e5 7.O-O Na6 8.Re1 c6
9.Bf1 Bg4 10.d5 Nb4 11.Be2 a5 12.Bg5 Na6 13.h3 Bc8 14.a3 c5 15.Qd2 Qd7 16.Bd1 Kh8
17.Bc2 Ng8 18.Ba4 Qc7 19.Nb5 Qb6 20.Qc3 Nc7 21.b4 axb4 22.axb4 Na6 23.bxc5 Nxc5
24.Bc2 Bd7 25.Reb1 f5 26.Rxa8 Rxa8 27.Be3 Nf6 28.Ng5 Kg8 29.exf5 gxf5 30.Ne6 Bxe6
31.dxe6 f4 32.Bxc5 Qxc5 33.Qd3 d5 34.cxd5 Ra2 35.Nc3 e4 36.Nxe4 Nxe4 37.Qxe4 Qxc2
38.Qxc2 Rxc2 39.d6 Bf6 40.Rxb7 Rc8 41.Kf1 Ra8 42.Rf7 Be5 43.d7 Bc7 44.Rxf4 Bd8
45.Rf7 Ra1+ 46.Ke2 Ra6 47.e7 Re6+ 48.Kf3 Rxe7 49.Rxe7 Bxe7 50.Ke4 Kf7 51.Ke5 Bd8
52.Kd6 Kf6 53.g4 Kf7 54.f4 Kf6 55.h4 Ba5 56.Kc6 Ke7 57.f5 Kd8 58.Kd6 Be1
59.h5 h6 60.g5 hxg5 61.h6 g4 62.f6  1-0

[Event "XXVI Open"]
[Site "Seville ESP"]
[Date "2001.01.17"]
[Round "6"]
[White "Lalic,B"]
[Black "Strikovic,A"]
[Result "1-0"]
[WhiteElo "2531"]
[BlackElo "2508"]

1.d4 Nf6 2.c4 g6 3.Nc3 Bg7 4.e4 d6 5.Nf3 O-O 6.Be2 e5 7.O-O exd4 8.Nxd4 Re8
9.f3 c6 10.Kh1 Nbd7 11.Bg5 Qa5 12.Be3 Ne5 13.Qd2 Be6 14.Nxe6 Rxe6 15.a3 a6
16.b4 Qc7 17.Rac1 Rae8 18.Nd5 Qb8 19.Nxf6+ Bxf6 20.Rfd1 Bg7 21.c5 d5 22.exd5 cxd5
23.Bf4 d4 24.Qxd4 Qc8 25.Qd5 Ng4 26.fxg4 Rxe2 27.h3 Bb2 28.Rc4 Bxa3 29.c6 bxc6
30.Rxc6 Re1+ 31.Rxe1 Rxe1+ 32.Kh2 Qe8 33.Rxa6 Qe4 34.Qxe4 Rxe4 35.Bh6  1-0

[Event "Anibal Open"]
[Site "Linares ESP"]
[Date "2001.01.18"]
[Round "11"]
[White "Zhang Zhong"]
[Black "Kempinski,R"]
[Result "1/2-1/2"]
[WhiteElo "2607"]
[BlackElo "2543"]

1.d4 Nf6 2.c4 g6 3.Nc3 Bg7 4.e4 d6 5.Nf3 O-O 6.Be2 e5 7.O-O Qe8 8.dxe5 dxe5
9.Be3 Na6 10.h3 Qe7 11.Nd5 Qd8 12.Qc2 Nd7 13.a3 c6 14.Nc3 Nac5 15.Rad1 Ne6
16.b4 Nf4 17.Rfe1 Re8 18.c5 Nxe2+ 19.Nxe2 Qc7 20.Nd2 Nf6 21.Nc4 Be6 22.Nd6 Red8
23.Bg5 h6 24.Bxf6 Bxf6 25.Qc3 Bg7 26.Qg3 b6 27.f4 bxc5 28.bxc5 exf4 29.Nxf4 Qe7
30.e5 Rab8 31.Rd3 Rb2 32.Qf3 Rdb8 33.Qxc6 Rc2 34.Rde3 Rbb2 35.Kh1 Kh7 36.Rg1 Qg5
37.Qf3 Bxe5 38.Nxe6 fxe6 39.Rxe5 Qxe5 40.Ne4  1/2-1/2